| 000 | 01120nam a2200193Ia 4500 | ||
|---|---|---|---|
| 999 |
_c7079 _d7079 |
||
| 008 | 200103s 1990 ||||xx |||||||||||||| ||und|| | ||
| 020 | _a0412362503 | ||
| 082 |
_a621 _bMAS |
||
| 100 | _aMassey, B. S. | ||
| 245 | 0 | _aMechanics of fluids | |
| 250 | _a6th | ||
| 260 |
_bEnglish Language Book Society _c1990 _aLondon |
||
| 300 | _axxvii, 599 p.: ill. | ||
| 504 | _aTable of Contents 1. Fundamental concepts 2. Fluid statics 3. principles governing fluids in motion 4. momentum equation 5. Physical similarity and dimensional analysis 6. Laminar flow between solid boundaries 7. Flow and losses in pipes and fittings 8. Boundary layers, wakes and other shear layers 9. flow of an inviscid fluid 10. Flow with a free surface 11. Compressible flow of gases 12. Unsteady flow 13. Fluid machines App. 1. Units and conversion factors App. 2. Physical constants and properties of fluids App. 3. Tables of gas flow functions App. 4. Algebraic symbols Answers to problems Index | ||
| 650 | _aFluid mechanics | ||
| 650 | _aMechanical engineering | ||
| 650 | _aHydraulic engineering | ||
| 942 | _cBK | ||